Figuras del mundo antiguo

Zapisane w:
Opis bibliograficzny
1. autor: Schwartz, Eduardo (Autor)
Format: Książka
Język:hiszpański
Wydane: Madrid Revista de Occidente 1966
Wydanie:2a. ed
Seria:Selecta
Hasła przedmiotowe:
Etykiety: Dodaj etykietę
Nie ma etykietki, Dołącz pierwszą etykiete!

MARC

LEADER 00000nam a2200000 a 4500
001 UCP9765
003 CL-VaPUC
008 000331e19660000SP |||||||||||||||||spa|d
082 0 4 |a 920.038  |b SCH  |2 21 
100 0 |a Schwartz, Eduardo  |e author  |9 440557 
245 1 0 |a Figuras del mundo antiguo 
250 |a 2a. ed 
300 |a 239 p 
942 |c BK 
945 |d 20000331 00:00:00  |a rherrera 
260 |a Madrid  |b Revista de Occidente  |c 1966 
600 0 7 |a HESIODO  |2 CL-VaPUC  |9 334567 
600 0 7 |a PINDARO  |2 CL-VaPUC  |9 323045 
600 0 7 |a TUCIDIDES  |2 CL-VaPUC  |9 440558 
600 0 7 |a EURIPIDES  |2 CL-VaPUC  |9 269419 
600 0 |a Sócrates  |9 266368 
600 0 7 |a PLATON  |2 CL-VaPUC  |9 222 
600 0 |a Polibio  |e Historiador   |9 316341 
600 0 7 |a POSIDONIO  |2 CL-VaPUC  |9 440559 
600 0 |a Cicerón, Marco Tulio  |e autor  |9 255203 
600 0 7 |a DIOGENES  |2 CL-VaPUC  |9 356745 
600 0 |a Epicuro  |e autor   |9 314341 
600 0 7 |a TEOCRITO  |2 CL-VaPUC  |9 440560 
600 0 7 |a ERATOSTENES  |2 CL-VaPUC  |9 440561 
650 0 |a Biografías  |9 255210 
650 0 |a Historia antigua  |9 267521 
583 |a last modification  |c 20000331 00:00:00  |k Rodrigo Vera 
490 0 |a Selecta 
999 |c 286551  |d 286549 
952 |0 0  |1 0  |4 0  |6 920_038000000000000_SCH_1966  |7 0  |8 A  |9 332548  |a BIBHIS  |b BIBHIS  |d 2019-11-20  |i 1261827  |o 920.038 SCH 1966  |p 1261827  |r 2025-01-20  |w 2019-11-20  |y BK  |k HIS